00450nam a2200169Ia 4500008004100000041000800041082002200049100001300071245005400084250001100138260003700149300000900186500001700195500001700212650001500229700003600244230125s9999 xx 000 0 und d aeng a657.0202bWAN OKE aWani S D aPractical systems of Book-keeping and accountancy a3rd ed c1995bPragati publicationsaPune a300p aBook keeping aBook-keeping aAccounting aWani S D; Oke S R & Pandit G V